150 thuật ngữ văn học

Uloženo v:
Podrobná bibliografie
Médium: Kniha
Vydáno: 2004
Tagy: Přidat tag
Žádné tagy, Buďte první, kdo otaguje tento záznam!
Thư viện lưu trữ: Mạng thư viện Đại học Đà Nẵng
LEADER 00444nam a22001811a 4500
001 000039332
003 15627
005 20160412021949.0
008 160412s2004 000
082 |a 4V(TK)1260-62 
245 |a 150 thuật ngữ văn học  |c Lại Nguyên Ân 
260 |c 2004 
OWN |a LNN 
999 |a From the UDN01 
TYP |a Monograph 
980 |a Mạng thư viện Đại học Đà Nẵng